Biotransformación de cáscara de girasol para la producción del hongo comestible y medicinal agaricus blazei y obtención de subproductos de valor económico /
Guardado en:
| Autor Principal: | |
|---|---|
| Autor Corporativo: | |
| Otros Autores: | |
| Formato: | Manuscrito |
| Idioma: | Spanish |
| Publicado: |
2009.
|
| Materias: | |
| Etiquetas: |
Agregar Etiqueta
Sin Etiquetas, Sea el primero en etiquetar este registro!
|
| LEADER | 01140ntm a22002535a 4500 | ||
|---|---|---|---|
| 001 | EEA.libagro009348 | ||
| 005 | 20140205135236.0 | ||
| 008 | 100302s2009####ag#######bm###000#0#spa#d | ||
| 082 | 0 | 4 | |a 040 |2 15 |
| 100 | 1 | |a González Matute, Ramiro. | |
| 245 | 1 | 0 | |a Biotransformación de cáscara de girasol para la producción del hongo comestible y medicinal agaricus blazei y obtención de subproductos de valor económico / |c Ramiro González Matute. |
| 260 | |c 2009. | ||
| 300 | |a xxv, 228 h. : |b il. (principalmente col.) ; |c 30 cm. | ||
| 500 | |a "Tesis de Doctor en Agronomía". | ||
| 500 | |a Director de tesis: Néstor Raúl Curvetto. | ||
| 502 | |a Tesis (doctoral)--Universidad Nacional del Sur. Departamento de Agronomía, 2009. | ||
| 504 | |a Incluye referencias bibliográficas (p. 182-203). | ||
| 530 | |a Disponible también en formato digital. | ||
| 650 | 7 | |a Hongos comestibles. |2 unbist | |
| 650 | 7 | |a Cultivos alimenticios. |2 unbist | |
| 650 | 7 | |a Biodegradación. |2 unbist | |
| 700 | 1 | |a Curvetto, Néstor. | |
| 710 | 2 | |a Universidad Nacional del Sur. |b Departamento de Agronomía. | |
| 859 | |a AR-BbBCA |b BIB. AGRONOMIA |h 040 |i B148 2009-978 |p 121294/010 | ||
